[Event "UKR-RUS LCWL blitz 5+2"]
[Site "Chess.com INT"]
[Date "2020.05.17"]
[Round "1.14"]
[White "Antonenko, D."]
[Black "Braun, Arik"]
[Result "1-0"]
[WhiteElo "2444"]
[BlackElo "2609"]
[PlyCount "123"]
[EventDate "2020.05.17"]
[EventType "team-match (blitz)"]
[EventRounds "2"]
[EventCountry "UKR"]
[SourceTitle "CBM 196 Extra"]
[Source "ChessBase"]
[SourceDate "2020.07.31"]
[SourceVersion "1"]
[SourceVersionDate "2020.07.31"]
[SourceQuality "1"]
[WhiteTeam "Russia"]
[BlackTeam "Ukraine"]
[WhiteTeamCountry "RUS"]
[BlackTeamCountry "UKR"]

1. d4 d5 2. Bf4 Nf6 3. e3 c5 4. Nf3 e6 5. Bb5+ Bd7 6. Bxd7+ Nbxd7 7. c3 Be7 8. h3 0-0 9. 0-0 Qb6 10. Qb3 Qc6 11. Ne5 Nxe5 12. Bxe5 Ne4 13. Qc2 cxd4 14. exd4 Bg5 15. f3 Nd6 16. Nd2 Nf5 17. Qd3 Rad8 18. Rfe1 Rfe8 19. Nf1 g6 20. g4 Nd6 21. Bg3 Qb5 22. Qxb5 Nxb5 23. a4 Nd6 24. Kg2 Nc4 25. b3 Na5 26. Rab1 Rc8 27. f4 Be7 28. Rec1 b6 29. Ne3 f5 30. Kf3 Kf7 31. h4 Rc7 32. g5 Rec8 33. Be1 Nb7 34. c4 a5 35. Bd2 Bb4 36. Ke2 Ba3 37. Rc2 Nd6 38. Ra2 Bb4 39. Bxb4 axb4 40. Rc2 Ne4 41. Rbc1 Nc3+ 42. Kd3 Ke7 43. Rxc3 bxc3 44. cxd5 b5 45. dxe6 bxa4 46. Nd5+ Kxe6 47. Nxc7+ Rxc7 48. Rxc3 Ra7 49. bxa4 Rxa4 50. Rc7 Ra3+ 51. Kc4 Rf3 52. Rxh7 Rxf4 53. Rh6 Kf7 54. Kc5 Kg7 55. h5 gxh5 56. d5 Rf1 57. d6 Rd1 58. Re6 h4 59. Rh6 Rd2 60. Rxh4 Rc2+ 61. Kd5 Kg6 62. d7 1-0

[Event "UKR-RUS LCWL blitz 5+2"]
[Site "Chess.com INT"]
[Date "2020.05.17"]
[Round "2.14"]
[White "Braun, Arik"]
[Black "Antonenko, D."]
[Result "1-0"]
[WhiteElo "2609"]
[BlackElo "2444"]
[PlyCount "157"]
[EventDate "2020.05.17"]
[EventType "team-match (blitz)"]
[EventRounds "2"]
[EventCountry "UKR"]
[SourceTitle "CBM 196 Extra"]
[Source "ChessBase"]
[SourceDate "2020.07.31"]
[SourceVersion "1"]
[SourceVersionDate "2020.07.31"]
[SourceQuality "1"]
[WhiteTeam "Ukraine"]
[BlackTeam "Russia"]
[WhiteTeamCountry "UKR"]
[BlackTeamCountry "RUS"]

1. d4 d5 2. c4 e6 3. Nc3 Nf6 4. cxd5 Nxd5 5. e4 Nxc3 6. bxc3 c5 7. Rb1 cxd4 8. cxd4 Nc6 9. Bb5 Bd7 10. Nf3 Bb4+ 11. Bd2 Bxd2+ 12. Qxd2 0-0 13. 0-0 a5 14. Rfd1 Nb4 15. Bxd7 Qxd7 16. a3 Nc6 17. d5 exd5 18. exd5 Ne7 19. d6 Nc6 20. Qd5 h6 21. Nd2 Rfe8 22. Nc4 Rad8 23. h3 Re2 24. Qd3 Rde8 25. Nb6 Qd8 26. d7 R8e7 27. Kf1 R2e5 28. Nc4 Rg5 29. Rxb7 Re6 30. Ne3 Reg6 31. Rc1 Re6 32. Rxc6 Rxc6 33. Rb8 Rc1+ 34. Ke2 Qxb8 35. d8Q+ Qxd8 36. Qxd8+ Kh7 37. Qd3+ Kh8 38. g4 Rgc5 39. Qd4 f6 40. h4 Kh7 41. h5 Rc8 42. Kf3 R1c3 43. a4 Kh8 44. Kg2 R3c5 45. Qd7 R5c7 46. Qe6 Rc6 47. Qe4 Rc5 48. Kg3 Rc3 49. Kh4 R3c7 50. Nf5 Rc4 51. Qe7 R4c7 52. Qe6 Rc6 53. Nd6 R8c7 54. Qe8+ Kh7 55. Nf5 Rc4 56. f3 Rb4 57. Qg6+ Kh8 58. Nxh6 gxh6 59. Qxh6+ Kg8 60. Qxf6 Rf7 61. Qd8+ Kh7 62. Qxa5 Rbf4 63. Qg5 Rxa4 64. Kg3 Ra6 65. Qe5 Rh6 66. Qe4+ Kg7 67. Kh4 Rhf6 68. Kg3 Rh6 69. f4 Rd7 70. Qe5+ Kf8 71. Kh4 Rd2 72. Qb8+ Kf7 73. Qb7+ Ke8 74. Qc8+ Rd8 75. Qc3 Rd1 76. Kg5 Rdd6 77. Qg7 Rhe6 78. h6 Rxh6 79. Qxh6 1-0

[Event "PNWCC Online blitz JP 10th"]
[Site "Chess.com INT"]
[Date "2020.05.16"]
[Round "9"]
[White "Antonenko, D."]
[Black "Zhang, Alan"]
[Result "0-1"]
[WhiteElo "2444"]
[BlackElo "2077"]
[PlyCount "40"]
[EventDate "2020.05.16"]
[EventType "swiss (blitz)"]
[EventRounds "11"]
[EventCountry "USA"]
[SourceTitle "CBM 196 Extra"]
[Source "ChessBase"]
[SourceDate "2020.07.31"]
[SourceVersion "1"]
[SourceVersionDate "2020.07.31"]
[SourceQuality "1"]

1. d4 Nf6 2. c4 e6 3. a3 d5 4. Nc3 Be7 5. Nf3 0-0 6. Bf4 c5 7. e3 Nc6 8. cxd5 Nxd5 9. Bg3 cxd4 10. Nxd4 Nxc3 11. bxc3 Qa5 12. Qd2 Nxd4 13. cxd4 Qa4 14. Bd3 Bd7 15. 0-0 Rac8 16. Rfc1 Bxa3 17. Rc3 Rxc3 18. Qxc3 Rc8 19. Qd2 Qb4 20. Qe2 Rc1+ 0-1

[Event "PNWCC Online blitz JP 10th"]
[Site "Chess.com INT"]
[Date "2020.05.16"]
[Round "7"]
[White "Myers, Dominique"]
[Black "Antonenko, D."]
[Result "0-1"]
[WhiteElo "1990"]
[BlackElo "2444"]
[PlyCount "100"]
[EventDate "2020.05.16"]
[EventType "swiss (blitz)"]
[EventRounds "11"]
[EventCountry "USA"]
[SourceTitle "CBM 196 Extra"]
[Source "ChessBase"]
[SourceDate "2020.07.31"]
[SourceVersion "1"]
[SourceVersionDate "2020.07.31"]
[SourceQuality "1"]

1. e4 e5 2. Nf3 Nc6 3. Bb5 a6 4. Ba4 b5 5. Bb3 Nf6 6. Nc3 h6 7. d3 Bb4 8. 0-0 0-0 9. Nd5 Be7 10. c3 d6 11. Ne3 Be6 12. h3 d5 13. exd5 Nxd5 14. Qe2 Nf4 15. Qc2 Bxb3 16. Qxb3 Nxd3 17. Rd1 e4 18. Nd2 Nc5 19. Qc2 Qd3 20. Qxd3 exd3 21. Nf5 Bf6 22. Nf3 Rfd8 23. Be3 Na4 24. Rd2 Na5 25. Rad1 Nc4 26. Rxd3 Rxd3 27. Rxd3 Ncxb2 28. Rd7 Nxc3 29. Rxc7 Nc4 30. Rc6 Nxe3 31. fxe3 Nxa2 32. Nxh6+ gxh6 33. Rxf6 a5 34. Rb6 b4 35. Nd4 a4 36. Kf2 a3 37. Nb3 Nc3 38. Rxb4 a2 39. Rc4 Nd1+ 40. Ke2 a1Q 41. Nxa1 Rxa1 42. Kf3 Kg7 43. g4 Ra3 44. Re4 Nb2 45. Kf4 Nd3+ 46. Kg3 Kg6 47. h4 Ra1 48. Rd4 Ne5 49. Kf4 f6 50. Rd7 Nxd7 0-1

[Event "PNWCC Online blitz JP 10th"]
[Site "Chess.com INT"]
[Date "2020.05.16"]
[Round "8"]
[White "Sarkar, Justin"]
[Black "Antonenko, D."]
[Result "0-1"]
[WhiteElo "2380"]
[BlackElo "2444"]
[PlyCount "70"]
[EventDate "2020.05.16"]
[EventType "swiss (blitz)"]
[EventRounds "11"]
[EventCountry "USA"]
[SourceTitle "CBM 196 Extra"]
[Source "ChessBase"]
[SourceDate "2020.07.31"]
[SourceVersion "1"]
[SourceVersionDate "2020.07.31"]
[SourceQuality "1"]

1. d4 d5 2. c4 e6 3. Nc3 Nf6 4. Bg5 Be7 5. e3 Nbd7 6. Nf3 0-0 7. Qc2 h6 8. Bh4 dxc4 9. Bxc4 c6 10. Rd1 b5 11. Bd3 Bb7 12. 0-0 Nd5 13. Bxe7 Nxe7 14. a4 b4 15. Ne4 Nd5 16. Rc1 a5 17. Nd6 Ba6 18. e4 Bxd3 19. Qxd3 Ne7 20. e5 Nb6 21. Nd2 Nbd5 22. N2e4 Qc7 23. f4 Rad8 24. Qg3 Nf5 25. Nxf5 exf5 26. Nd6 Rxd6 27. exd6 Qxd6 28. Rc5 Re8 29. Rxa5 Re4 30. Ra8+ Kh7 31. Qh3 g6 32. g3 Ne3 33. Re1 Qxd4 34. Kh1 Qd2 35. Rg1 Ng4 0-1